[Event "Polanica Zdroj op-B 44th"]
[Site "Polanica Zdroj"]
[Date "2008.08.28"]
[Round "10"]
[White "Nowakowska, Agnieszka"]
[Black "Zielinski, Maciej"]
[Result "1-0"]
[WhiteElo "1778"]
[BlackElo "1917"]
[PlyCount "63"]
[EventDate "2008.08.19"]
[EventType "swiss"]
[EventRounds "10"]
[EventCountry "POL"]
[SourceTitle "EXT 2009"]
[Source "ChessBase"]
[SourceDate "2008.11.26"]
[SourceVersion "1"]
[SourceVersionDate "2008.11.26"]
[SourceQuality "1"]

1. e4 e5 2. Nf3 Nc6 3. d4 exd4 4. Nxd4 Nf6 5. Nxc6 bxc6 6. Bd3 d5 7. Nd2 Bc5 8. 0-0 Bg4 9. Qe1 0-0 10. Kh1 Re8 11. e5 Nd7 12. f4 Nf8 13. Nb3 Bb6 14. f5 Nd7 15. Bf4 c5 16. Qg3 c4 17. Qxg4 cxd3 18. f6 g6 19. Qg5 Re6 20. cxd3 Qe8 21. Rae1 Nc5 22. Nd4 Nxd3 23. Nxe6 fxe6 24. Re2 Nxf4 25. Qxf4 Kf7 26. Qh6 Qh8 27. Rf4 Rd8 28. Rh4 Kg8 29. Re1 Rd7 30. Rf1 Rf7 31. Rg4 c5 32. h4 1-0

[Event "Polanica Zdroj op-B 44th"]
[Site "Polanica Zdroj"]
[Date "2008.08.19"]
[Round "1"]
[White "Plotecki, Jan"]
[Black "Nowakowska, Agnieszka"]
[Result "1/2-1/2"]
[WhiteElo "1945"]
[BlackElo "1778"]
[PlyCount "29"]
[EventDate "2008.08.19"]
[EventType "swiss"]
[EventRounds "10"]
[EventCountry "POL"]
[SourceTitle "CBM 126 Extra"]
[Source "ChessBase"]
[SourceDate "2008.11.05"]
[SourceVersion "1"]
[SourceVersionDate "2008.11.05"]
[SourceQuality "1"]

1. d4 d5 2. Nf3 Nf6 3. Bg5 Ne4 4. Bh4 g6 5. e3 Bg7 6. Bd3 Nd6 7. Nbd2 Bf5 8. Qe2 Nd7 9. c4 c6 10. 0-0 0-0 11. c5 Bxd3 12. Qxd3 Nf5 13. Bg3 Nxg3 14. hxg3 e5 15. Nxe5 1/2-1/2

[Event "POL-chT3 Slaskie"]
[Site "Poland"]
[Date "2008.05.10"]
[Round "7.26"]
[White "Halamus, Agata"]
[Black "Nowakowska, Agnieszka"]
[Result "1-0"]
[WhiteElo "1934"]
[BlackElo "1794"]
[PlyCount "77"]
[EventDate "2008.02.03"]
[EventType "team-swiss"]
[EventRounds "9"]
[EventCountry "POL"]
[SourceTitle "EXT 2019"]
[Source "ChessBase"]
[SourceDate "2018.10.10"]
[SourceVersion "1"]
[SourceVersionDate "2018.10.10"]
[SourceQuality "1"]

1. c4 e5 2. Nc3 Bb4 3. Qc2 Nc6 4. e3 d6 5. Nge2 a5 6. g3 f5 7. d3 Nf6 8. Bg2 0-0 9. 0-0 Bc5 10. Nd5 Kh8 11. Bd2 g5 12. Bc3 Ba7 13. Qd2 Bd7 14. Kh1 b6 15. f4 Rb8 16. fxg5 Nxd5 17. cxd5 Ne7 18. Rac1 c6 19. d4 Nxd5 20. Bxd5 cxd5 21. dxe5 Bc6 22. Qd4 b5 23. Qxa7 d4+ 24. Kg1 dxc3 25. Rxc3 Bd5 26. Rc7 Bg8 27. e6 Qxg5 28. e7 Rfe8 29. Qd4+ Qg7 30. Qxd6 Bc4 31. Rxf5 Bxe2 32. Rf8+ Rxf8 33. exf8Q+ Qxf8 34. Qe5+ Kg8 35. Qd5+ Kh8 36. Qe5+ Kg8 37. Qe6+ Kh8 38. Rf7 Qd8 39. Qe5+ 1-0

[Event "POL-ch U18 Girls"]
[Site "Leba"]
[Date "2008.03.30"]
[Round "2"]
[White "Nowakowska, Agnieszka"]
[Black "Sikorska, Agata"]
[Result "1-0"]
[WhiteElo "1794"]
[BlackElo "1596"]
[PlyCount "67"]
[EventDate "2008.03.29"]
[EventType "swiss"]
[EventRounds "11"]
[EventCountry "POL"]
[SourceTitle "CBM 123 Extra"]
[Source "ChessBase"]
[SourceDate "2008.05.06"]
[SourceVersion "1"]
[SourceVersionDate "2008.05.06"]
[SourceQuality "1"]

1. e4 c6 2. d4 d5 3. exd5 cxd5 4. Bd3 Nf6 5. c3 Bg4 6. Qb3 Qd7 7. Bf4 Nc6 8. Nd2 e6 9. Ngf3 Be7 10. Ne5 Qc8 11. 0-0 0-0 12. Bg3 a6 13. f4 b5 14. h3 Bh5 15. f5 Bd6 16. Bh2 exf5 17. Bxf5 Qc7 18. Rae1 Rae8 19. Ndf3 Bxf3 20. Nxf3 Bxh2+ 21. Nxh2 Qd6 22. Qc2 b4 23. Ng4 Nxg4 24. Bxh7+ Kh8 25. hxg4 Rxe1 26. Rxe1 g6 27. Bxg6 fxg6 28. Re3 Rf4 29. Rh3+ Kg7 30. Qd2 bxc3 31. bxc3 Qf6 32. Kh2 Rxg4 33. Qh6+ Kf7 34. Rf3 1-0

[Event "POL-ch U18 Girls"]
[Site "Leba"]
[Date "2008.03.29"]
[Round "1"]
[White "Krasnodebska, Magdalena"]
[Black "Nowakowska, Agnieszka"]
[Result "1-0"]
[WhiteElo "2019"]
[BlackElo "1794"]
[PlyCount "57"]
[EventDate "2008.03.29"]
[EventType "swiss"]
[EventRounds "11"]
[EventCountry "POL"]
[SourceTitle "CBM 123 Extra"]
[Source "ChessBase"]
[SourceDate "2008.05.06"]
[SourceVersion "1"]
[SourceVersionDate "2008.05.06"]
[SourceQuality "1"]

1. e4 e5 2. Nf3 Nf6 3. Nxe5 d6 4. Nc4 Nxe4 5. Nc3 Nxc3 6. bxc3 d5 7. Ne3 Be7 8. d4 0-0 9. Bd3 Be6 10. 0-0 Nd7 11. Qf3 Nf6 12. Bd2 c5 13. dxc5 Bxc5 14. Nf5 Ne4 15. Rad1 Qd7 16. Bxe4 dxe4 17. Qg3 g6 18. Bh6 Qc6 19. Bxf8 Bxf8 20. Nd4 Qc4 21. Nxe6 Qxe6 22. Qc7 Rc8 23. Qd7 Qc4 24. Qxb7 Qxc3 25. Rd7 e3 26. fxe3 Qxe3+ 27. Kh1 Qe2 28. Rdxf7 Rd8 29. Qb3 1-0

[Event "POL-chT3 Slaskie"]
[Site "Poland"]
[Date "2008.02.19"]
[Round "4.5"]
[White "Nowakowska, Agnieszka"]
[Black "Pacak, Patrycja"]
[Result "1-0"]
[WhiteElo "1794"]
[BlackElo "1759"]
[PlyCount "101"]
[EventDate "2008.02.03"]
[EventType "team-swiss"]
[EventRounds "9"]
[EventCountry "POL"]
[SourceTitle "EXT 2019"]
[Source "ChessBase"]
[SourceDate "2018.10.10"]
[SourceVersion "1"]
[SourceVersionDate "2018.10.10"]
[SourceQuality "1"]

1. e4 e6 2. Nf3 d5 3. exd5 exd5 4. d4 Bd6 5. Bd3 Nc6 6. c3 Bg4 7. 0-0 Qd7 8. Nbd2 f6 9. b4 Nge7 10. b5 Nd8 11. Qc2 g5 12. Bb2 h5 13. c4 dxc4 14. Bxc4 Bf5 15. Ne4 Rh6 16. d5 h4 17. Nd4 Bxe4 18. Qxe4 Be5 19. Ba3 Nf7 20. Bxe7 Qxe7 21. Nf5 Nd6 22. Nxd6+ Qxd6 23. Rac1 0-0-0 24. h3 Rf8 25. Qf5+ Qd7 26. Bd3 Qxf5 27. Bxf5+ Kb8 28. a4 Rd8 29. Be4 Rhh8 30. Rc2 Rd6 31. Rb1 a6 32. Rc4 Rb6 33. Rcb4 Ka7 34. Bf5 Rb8 35. Bd3 a5 36. R4b3 c6 37. bxc6 bxc6 38. Rxb6 Rxb6 39. dxc6 Rb4 40. Rc1 Kb6 41. Bb5 Rd4 42. Kf1 Rd2 43. Ke1 Rd4 44. Ke2 Kc7 45. Kf3 Rf4+ 46. Ke2 Rd4 47. Ke3 Kb6 48. c7 Rc4 49. Rxc4 Bxc7 50. Rc6+ Kb7 51. Rxf6 1-0

[Event "POL-chT2 U20 Girls"]
[Site "Lublin"]
[Date "2007.07.13"]
[Round "9"]
[White "Nowakowska, Agnieszka"]
[Black "Zezulkin, Alina"]
[Result "1-0"]
[WhiteElo "1780"]
[BlackElo "1685"]
[PlyCount "51"]
[EventDate "2007.07.07"]
[EventType "team-tourn"]
[EventRounds "11"]
[EventCountry "POL"]
[SourceTitle "EXT 2010"]
[Source "ChessBase"]
[SourceDate "2010.11.25"]
[SourceVersion "1"]
[SourceVersionDate "2010.11.25"]
[SourceQuality "1"]

1. e4 c5 2. Nc3 Nc6 3. f4 g6 4. Nf3 Bg7 5. Bb5 Nd4 6. Nxd4 cxd4 7. Ne2 e6 8. c3 Qb6 9. Bd3 dxc3 10. dxc3 Ne7 11. Ng3 d5 12. Qe2 0-0 13. Be3 Qc7 14. 0-0 Bd7 15. Bd4 Bh6 16. Qf3 Bc6 17. Rad1 b6 18. f5 dxe4 19. Nxe4 e5 20. f6 exd4 21. fxe7 f5 22. exf8Q+ Rxf8 23. Qh3 Be3+ 24. Nf2 f4 25. cxd4 f3 26. Qe6+ 1-0

[Event "POL-chT3 Liga Slaska"]
[Site "Poland"]
[Date "2007.05.13"]
[Round "9"]
[White "Nowakowska, Agnieszka"]
[Black "Krasnodebska, Magdalena"]
[Result "0-1"]
[WhiteElo "1736"]
[BlackElo "1975"]
[PlyCount "92"]
[EventDate "2007.01.28"]
[EventType "team-swiss"]
[EventRounds "9"]
[EventCountry "POL"]
[SourceTitle "EXT 2011"]
[Source "ChessBase"]
[SourceDate "2010.11.26"]
[SourceVersion "1"]
[SourceVersionDate "2010.11.26"]
[SourceQuality "1"]
[WhiteTeam "Gliwice Carbo"]
[BlackTeam "Gliwice Politechnika Slaska II"]
[WhiteTeamCountry "POL"]
[BlackTeamCountry "POL"]

1. e4 c5 2. Nc3 e6 3. f4 a6 4. Nf3 Nc6 5. d3 d6 6. g3 b5 7. Bg2 Bb7 8. 0-0 Be7 9. Bd2 Nf6 10. Ne2 0-0 11. h3 a5 12. g4 a4 13. Ng3 Qc7 14. Qe1 Nd7 15. f5 Nde5 16. Bc3 Nxf3+ 17. Rxf3 e5 18. Rc1 b4 19. Bd2 Nd4 20. Rf2 Bh4 21. Kh2 b3 22. axb3 axb3 23. cxb3 Nxb3 24. Rb1 Ba6 25. Qe3 h6 26. Bc3 Bg5 27. Qf3 Nc1 28. Bf1 Rfb8 29. h4 Bf4 30. f6 g6 31. Kg1 Qd7 32. h5 Qe6 33. hxg6 fxg6 34. Bd2 Bxd2 35. Rxd2 Nb3 36. Rh2 Nd4 37. Qe3 Qxf6 38. Rxh6 Qf4 39. Rxg6+ Kf7 40. Rg7+ Kf8 41. Qxf4+ exf4 42. Nh5 Nf3+ 43. Kf2 Nd2 44. Rd1 Rxb2 45. Be2 Nxe4+ 46. Ke1 Ng3 0-1

[Event "POL-ch U18 Girls"]
[Site "Leba"]
[Date "2007.03.28"]
[Round "7"]
[White "Gondko, Katarzyna"]
[Black "Nowakowska, Agnieszka"]
[Result "1/2-1/2"]
[WhiteElo "1875"]
[BlackElo "1736"]
[PlyCount "87"]
[EventDate "2007.03.24"]
[EventType "swiss"]
[EventRounds "11"]
[EventCountry "POL"]
[SourceTitle "EXT 2011"]
[Source "ChessBase"]
[SourceDate "2010.11.26"]
[SourceVersion "1"]
[SourceVersionDate "2010.11.26"]
[SourceQuality "1"]

1. e4 c6 2. d4 d5 3. e5 Bf5 4. h4 h5 5. c4 e6 6. Bg5 Be7 7. Qd2 Nd7 8. cxd5 cxd5 9. Ne2 Rc8 10. Nbc3 a6 11. Ng3 Bg6 12. Be2 Bxg5 13. hxg5 h4 14. Qf4 Ne7 15. Rxh4 Rxh4 16. Qxh4 Qb6 17. Nd1 Qb4+ 18. Kf1 Nxe5 19. a3 Qa4 20. b3 Qxb3 21. dxe5 Kd7 22. Qb4 Qxb4 23. axb4 Nc6 24. b5 axb5 25. Bxb5 Kd8 26. Bxc6 Rxc6 27. Ne2 Bd3 28. Ke1 Rc2 29. Nd4 Rc4 30. Nf3 Rc2 31. Nd4 Rc4 32. Nf3 Rc2 33. Nd2 b5 34. Ra8+ Ke7 35. Ra7+ Ke8 36. Ra8+ Ke7 37. Ra7+ Ke8 38. Rb7 Kf8 39. Rb8+ Ke7 40. Rb7+ Ke8 41. f3 Kf8 42. Ne3 Rc1+ 43. Kf2 d4 44. Ng4 1/2-1/2

[Event "POL-ch U18 Girls"]
[Site "Leba"]
[Date "2007.03.25"]
[Round "3"]
[White "Bukwa, Karolina"]
[Black "Nowakowska, Agnieszka"]
[Result "1/2-1/2"]
[WhiteElo "1880"]
[BlackElo "1736"]
[PlyCount "53"]
[EventDate "2007.03.24"]
[EventType "swiss"]
[EventRounds "11"]
[EventCountry "POL"]
[SourceTitle "EXT 2011"]
[Source "ChessBase"]
[SourceDate "2010.11.26"]
[SourceVersion "1"]
[SourceVersionDate "2010.11.26"]
[SourceQuality "1"]

1. d4 d5 2. c4 dxc4 3. e3 Nf6 4. Bxc4 Bf5 5. Nc3 e6 6. Nf3 Be7 7. 0-0 0-0 8. Qe2 c5 9. Rd1 Qc7 10. Bd2 Nc6 11. dxc5 Bxc5 12. a3 Rfd8 13. b4 Bb6 14. Nb5 Qe7 15. Bc3 Ne4 16. Bb2 Rac8 17. Nbd4 Bg4 18. Nxc6 Rxc6 19. Bb5 Rcd6 20. Rxd6 Qxd6 21. h3 Bh5 22. g4 Bg6 23. Rc1 h6 24. Qc4 Nd2 25. Nxd2 Qxd2 26. Qc3 Qxc3 27. Bxc3 1/2-1/2

[Event "POL-chT3 Liga Slaska"]
[Site "Poland"]
[Date "2007.01.28"]
[Round "2"]
[White "Krajewska, Katarzyna"]
[Black "Nowakowska, Agnieszka"]
[Result "1/2-1/2"]
[WhiteElo "1989"]
[BlackElo "1736"]
[PlyCount "92"]
[EventDate "2007.01.28"]
[EventType "team-swiss"]
[EventRounds "9"]
[EventCountry "POL"]
[SourceTitle "EXT 2011"]
[Source "ChessBase"]
[SourceDate "2010.11.26"]
[SourceVersion "1"]
[SourceVersionDate "2010.11.26"]
[SourceQuality "1"]
[WhiteTeam "Dabrowa Gornicza Zaglebie"]
[BlackTeam "Gliwice Carbo"]
[WhiteTeamCountry "POL"]
[BlackTeamCountry "POL"]

1. d4 d5 2. c4 dxc4 3. Nc3 a6 4. a4 Nf6 5. e3 Bf5 6. Bxc4 e6 7. Nf3 Bd6 8. 0-0 0-0 9. Qe2 Ne4 10. Bd3 Nxc3 11. bxc3 Bxd3 12. Qxd3 Nd7 13. e4 c5 14. Bg5 Be7 15. Bf4 Qa5 16. d5 c4 17. Qxc4 Rac8 18. Qb3 Nc5 19. Qc2 exd5 20. exd5 Bf6 21. Be5 Nd7 22. Bxf6 Nxf6 23. c4 Nxd5 24. Qb3 Nf6 25. Rfc1 Rc7 26. Ne1 Rfc8 27. Nd3 Ne4 28. Nb2 Qd2 29. Rc2 Qd4 30. Rd1 Qf6 31. Qd3 Nc5 32. Qd4 Qxd4 33. Rxd4 Nb3 34. Rd3 Na5 35. Rcd2 g6 36. Rd8+ Rxd8 37. Rxd8+ Kg7 38. Rd4 Kf6 39. f4 Nc6 40. Rd5 Ke6 41. Kf2 Ne7 42. Rd2 Rd7 43. Rxd7 Kxd7 44. Ke3 Kc6 45. Kd3 Kc5 46. Kc3 Nc6 1/2-1/2

[Event "POL-chT3 Liga Slaska"]
[Site "Poland"]
[Date "2007.01.28"]
[Round "1"]
[White "Pacak, Patrycja"]
[Black "Nowakowska, Agnieszka"]
[Result "0-1"]
[WhiteElo "1695"]
[BlackElo "1736"]
[PlyCount "70"]
[EventDate "2007.01.28"]
[EventType "team-swiss"]
[EventRounds "9"]
[EventCountry "POL"]
[SourceTitle "EXT 2011"]
[Source "ChessBase"]
[SourceDate "2010.11.26"]
[SourceVersion "1"]
[SourceVersionDate "2010.11.26"]
[SourceQuality "1"]
[WhiteTeam "Czestochowa UKS Hetman"]
[BlackTeam "Gliwice Carbo"]
[WhiteTeamCountry "POL"]
[BlackTeamCountry "POL"]

1. e4 c6 2. Nc3 d5 3. exd5 cxd5 4. Nf3 Nc6 5. d4 Bf5 6. Bb5 e6 7. Ne5 Nge7 8. g4 Bg6 9. h4 h6 10. Nxg6 Nxg6 11. Bxc6+ bxc6 12. h5 Ne7 13. Qe2 Qb6 14. Qe3 Nc8 15. f4 Be7 16. 0-0 c5 17. Ne2 0-0 18. g5 cxd4 19. Nxd4 hxg5 20. fxg5 Bxg5 21. Qxg5 Qxd4+ 22. Be3 Qe4 23. Rf2 Ne7 24. Kh2 f6 25. Qg3 Nf5 26. Rxf5 Qxf5 27. h6 Qxc2+ 28. Kh3 Rf7 29. Rg1 Qh7 30. Qd6 Qf5+ 31. Rg4 Kh7 32. Qg3 gxh6 33. Bxh6 Rg8 34. Bg7 Rgxg7 35. Qh4+ Kg8 0-1

[Event "POL-ch U16 Girls"]
[Site "Leba"]
[Date "2006.04.02"]
[Round "11"]
[White "Bryla, Lidia"]
[Black "Nowakowska, Agnieszka"]
[Result "1-0"]
[WhiteElo "1883"]
[BlackElo "1757"]
[PlyCount "63"]
[EventDate "2006.03.25"]
[EventType "swiss"]
[EventRounds "11"]
[EventCountry "POL"]
[SourceTitle "CBM 111 Extra"]
[Source "ChessBase"]
[SourceDate "2006.05.09"]
[SourceVersion "1"]
[SourceVersionDate "2006.05.09"]
[SourceQuality "1"]

1. e4 c6 2. d4 d5 3. Nc3 dxe4 4. Nxe4 Nd7 5. Bc4 Ndf6 6. Ng5 e6 7. Qe2 Ne7 8. N1f3 h6 9. Ne4 Nf5 10. c3 Nxe4 11. Qxe4 Nd6 12. Qe2 Nxc4 13. Qxc4 Qc7 14. Ne5 Bd6 15. Bf4 0-0 16. Bg3 c5 17. Nd3 Bxg3 18. hxg3 Qc6 19. dxc5 Qxg2 20. 0-0-0 b6 21. Qh4 Bb7 22. Rh2 Qe4 23. Qh5 Rad8 24. Rh4 Qf3 25. Qxf3 Bxf3 26. Rd2 bxc5 27. Nxc5 Rc8 28. Nd3 Rfd8 29. Ra4 Rc7 30. Ne5 Rxd2 31. Kxd2 Be4 32. Rxe4 1-0

[Event "POL-ch U16 Girls"]
[Site "Leba"]
[Date "2006.04.01"]
[Round "10"]
[White "Nowakowska, Agnieszka"]
[Black "Gorol, Magdalena"]
[Result "1-0"]
[WhiteElo "1757"]
[BlackElo "1868"]
[PlyCount "93"]
[EventDate "2006.03.25"]
[EventType "swiss"]
[EventRounds "11"]
[EventCountry "POL"]
[SourceTitle "CBM 111 Extra"]
[Source "ChessBase"]
[SourceDate "2006.05.09"]
[SourceVersion "1"]
[SourceVersionDate "2006.05.09"]
[SourceQuality "1"]

1. e4 c5 2. Nc3 Nc6 3. f4 g6 4. Nf3 Bg7 5. Bb5 Nd4 6. Bd3 d6 7. Nxd4 cxd4 8. Ne2 Nf6 9. 0-0 0-0 10. c3 dxc3 11. dxc3 Qb6+ 12. Kh1 Bd7 13. Ng3 Rac8 14. Qe2 Bc6 15. Be3 Qc7 16. f5 Nd7 17. Bd4 Ne5 18. Qe3 a6 19. Ne2 b5 20. Rae1 Qb7 21. Nf4 Nxd3 22. Nxd3 e5 23. fxe6 fxe6 24. Nb4 e5 25. Nxc6 Qxc6 26. Bb6 Qc4 27. Kg1 Qxa2 28. Qd2 Qe6 29. Rd1 Rxf1+ 30. Rxf1 Rc4 31. Qd3 Bf8 32. Bd8 Bg7 33. Ba5 Bf8 34. Bd8 Rc8 35. Rf6 Qd7 36. Ba5 Kg7 37. Rf1 Qb7 38. Bb4 Qb6+ 39. Kh1 a5 40. Ba3 b4 41. cxb4 axb4 42. Qb3 Qa6 43. Qf7+ Kh6 44. Bxb4 Qc4 45. Bd2+ Kh5 46. Qxh7+ Kg4 47. Qh3# 1-0

[Event "POL-ch U16 Girls"]
[Site "Leba"]
[Date "2006.03.26"]
[Round "3"]
[White "Karbowiak, Sylwia"]
[Black "Nowakowska, Agnieszka"]
[Result "0-1"]
[WhiteElo "1600"]
[BlackElo "1757"]
[PlyCount "96"]
[EventDate "2006.03.25"]
[EventType "swiss"]
[EventRounds "11"]
[EventCountry "POL"]
[SourceTitle "CBM 111 Extra"]
[Source "ChessBase"]
[SourceDate "2006.05.09"]
[SourceVersion "1"]
[SourceVersionDate "2006.05.09"]
[SourceQuality "1"]

1. e4 e5 2. f4 exf4 3. Nf3 Be7 4. Bc4 d6 5. 0-0 Nc6 6. d4 Bg4 7. Bxf4 Qd7 8. c3 Nf6 9. Nbd2 d5 10. Bd3 0-0-0 11. Qc2 dxe4 12. Nxe4 Nd5 13. Bd2 Kb8 14. c4 Ndb4 15. Bxb4 Nxb4 16. Qc3 Bxf3 17. Rxf3 Qxd4+ 18. Qxd4 Rxd4 19. Rxf7 Nxd3 20. Rxe7 Nxb2 21. Re1 Nxc4 22. Ng5 Kc8 23. Rxc7+ Kxc7 24. Ne6+ Kd7 25. Nxd4 Re8 26. Rd1 Ke7 27. Re1+ Kf7 28. Rf1+ Kg8 29. Rc1 Rc8 30. Nf5 Kh8 31. Rd1 g6 32. Ne7 Rf8 33. Rd7 Ne3 34. h3 Rf1+ 35. Kh2 Rf2 36. Nd5 Rxg2+ 37. Kh1 Rd2 38. Nf6 Rxd7 39. Nxd7 Kg7 40. Nc5 b6 41. Nd3 Kf6 42. Kg1 Kf5 43. Kf2 Ke4 44. Ke2 Ng2 45. Nf2+ Kd4 46. Kd2 Nf4 47. h4 h6 48. a3 Ng2 0-1